000 01269nam a2200313 a 4500
001 ebr10015367
003 CaPaEBR
006 m u
007 cr cn|||||||||
008 980923s1999 mau sb 000 0 eng
010 _z 98031588
020 _z0262194147 (hc : alk. paper)
040 _aCaPaEBR
_cCaPaEBR
035 _a(OCoLC)559129261
050 1 4 _aHN90.M6
_bS347 1999eb
082 0 4 _a306/.0973
_221
100 1 _aSchmookler, Andrew Bard.
245 1 0 _aDebating the good society
_h[electronic resource] :
_ba quest to bridge America's moral divide /
_cAndrew Bard Schmookler.
260 _aCambridge, Mass. :
_bMIT Press,
_cc1999.
300 _aviii, 378 p.
504 _aIncludes bibliographical references (p. [375]-378).
533 _aElectronic reproduction.
_bPalo Alto, Calif. :
_cebrary,
_d2013.
_nAvailable via World Wide Web.
_nAccess may be limited to ebrary affiliated libraries.
650 0 _aSocial values
_zUnited States.
651 0 _aUnited States
_xMoral conditions.
651 0 _aUnited States
_xSocial conditions
_y1980-
655 7 _aElectronic books.
_2local
710 2 _aebrary, Inc.
856 4 0 _uhttp://site.ebrary.com/lib/rucke/Doc?id=10015367
_zAn electronic book accessible through the World Wide Web; click to view
999 _c11669
_d11669